Statistics for All lyrics to Story of my Life (Shrek - the musical)

Click here to take the quiz!

General Stats

  • This quiz has been taken 64 times
  • The average score is 160 of 236

Answer Stats

Lyric% Correct
I
96%
Life
96%
life,
96%
life.
96%
a
93%
is
93%
my
93%
of
89%
story
89%
Story
89%
the
89%
by
82%
that
82%
That's
82%
that's
82%
fox,
79%
go
79%
it,
79%
It
79%
it
79%
know.
79%
to
79%
Cheated
75%
disappointing,
75%
goes
75%
goes.
75%
how
75%
just
75%
nose,
75%
swallowed
75%
whale.
75%
me
71%
never
71%
Pinocchio.
71%
they
71%
They
71%
blew
68%
but
68%
condos
68%
down.
68%
ending.
68%
ending,
68%
oh
68%
our
68%
Outted
68%
yeah,
68%
always
64%
for
64%
hunt.
64%
poor
64%
witch
64%
an
61%
and
61%
broke
61%
fail.
61%
from
61%
in
61%
magic
61%
wand,
61%
doomed
57%
mama's
57%
Mama's
57%
Strife
57%
we
57%
were
57%
all
54%
Banished
54%
called
54%
fat.
54%
hot
54%
mud,
54%
ridiculed
54%
said
54%
town.
54%
distress.
50%
hat,
50%
mess.
50%
pond,
50%
tranny
50%
woe
46%
cotton
43%
dragged
43%
dress
43%
granny
43%
happy
43%
I'd
43%
not
43%
this
43%
tore
43%
wall.
43%
ball,
39%
booted
39%
off
39%
right
39%
blows.
36%
dreamed
36%
ever
36%
here,
36%
if
36%
after,
32%
get
32%
sir.
32%
told
32%
yes
32%
away,
29%
broken
25%
chairs,
25%
dreams,
25%
late
25%
on
25%
tumbled
25%
damage
21%
done,
21%
rabbit!
21%
You're
21%
prayers,
18%
wasted
18%
busted
14%
heads.
11%
porridge
11%
beds,
7%
shattered
7%
falls
4%

Score Distribution

Percentile by Number Answered

Percent of People with Each Score

Your Score History

You have not taken this quiz